Tribhuvan University Central Library

The effectiveness of critical thinking in EFL class room (Record no. 68529)

MARC details
000 -LEADER
fixed length control field 00479 a2200145 4500
041 ## - LANGUAGE CODE
Language code of text/sound track or separate title Eng
082 ## - DEWEY DECIMAL CLASSIFICATION NUMBER
Classification number CD8226
100 ## - MAIN ENTRY--PERSONAL NAME
Personal name Bishokarma, Prem Bahadur
245 ## - TITLE STATEMENT
Title The effectiveness of critical thinking in EFL class room
260 ## - PUBLICATION, DISTRIBUTION, ETC. (IMPRINT)
Place of publication, distribution, etc Surkhet:
Name of publisher, distributor, etc Nepal
Date of publication, distribution, etc 2011
502 ## - DISSERTATION NOTE
Dissertation note Dissertation
Degree type Degree in Education
Name of granting institution Surkhet Campus<br/>
650 ## - SUBJECT ADDED ENTRY--TOPICAL TERM
Topical term or geographic name as entry element English language
-- Class room
-- Language learning
-- Language teaching
-- Critical thinking
653 ## - INDEX TERM--UNCONTROLLED
Uncontrolled term English education
942 ## - ADDED ENTRY ELEMENTS (KOHA)
Source of classification or shelving scheme Dewey Decimal Classification
Koha item type Audio Visual Materials
Holdings
Withdrawn status Lost status Source of classification or shelving scheme Damaged status Not for loan Home library Current library Date acquired Total Checkouts Full call number Barcode Date last seen Price effective from Koha item type
    Dewey Decimal Classification     Tribhuvan University Central Library Tribhuvan University Central Library 01/27/2014   CD 8226 A 8174 01/27/2014 01/27/2014 Audio Visual Materials